| 000 | 01931cam a22003011 4500 | ||
|---|---|---|---|
| 001 | gs 53000206 | ||
| 003 | DLC | ||
| 005 | 20260227111400.0 | ||
| 008 | 780310s1953 ksuab 000 0 eng c | ||
| 010 | _ags 53000206 | ||
| 035 | _a(OCoLC)3704610 | ||
| 040 |
_aU.S. Geol. Survey. Libr. _cOT _dOCoLC _dTxU _dOCoLC _dDLC |
||
| 042 | _apremarc | ||
| 050 | 0 | 0 |
_aQE113 _b.A2 no. 100 |
| 082 | _a551.49 | ||
| 100 | 1 |
_aPrescott, Glenn C. _q(Glenn Carleton), _d1923- |
|
| 245 | 0 | 0 | _aGeology and ground-water resources of Cheyenne County, Kansas. |
| 260 |
_aLawrence : _bUniversity of Kansas, _c1953. |
||
| 300 |
_a106 p. : _billus., maps (2 fold. col. in pocket), diagrs., tables ; _c23 cm. |
||
| 410 | 2 | 0 |
_aKansas Geological Survey _tBulletin _v100 |
| 500 | _aAt head of title: Division of Ground Water. | ||
| 500 | _a"Prepared by the United States Geological Survey and the State Geological Survey of Kansas, with the cooperation of the Division of Sanitation of the Kansas State Board of Health, and the Division of Water Resources of Kansas State Board of Agriculture." | ||
| 501 |
_aWith : Geology and ground-water resources of Jackson County, Kansas, 1953 -- Petrographic study of southeastern Kansas coals, 1953 -- Composition of some uranium-bearing phosphate nodules from Kansas shales / by Russell T. Runnels, John A. Schleicher, and H. S. Van Nortwick, 1953 -- Experimental separation of iron-bearing minerals from certain Kansas clays, 1953 -- Experiments in the rapid drying of plastic clay brick / by Norman Plummer and William B. Hladik, 1954 -- Improvement of some Kansas clays through the control of pH and of soluble sulfates / Norman Plummer and William B. Hladik, 1953. Bound together subsequent to publication. _5DLC |
||
| 504 | _a"References": p. 103-104. | ||
| 650 | 0 |
_aGeology _zKansas _zCheyenne County. |
|
| 650 | 0 |
_aGroundwater _zKansas _zCheyenne County. |
|
| 650 | 0 |
_aWater-supply _zKansas _zCheyenne County. |
|
| 999 |
_c28758 _d28758 |
||